000
00286nam a2200121Ia 4500
005
20251222143146.0
008
251222s9999||||xx |||||||||||||| ||spa||
082
_a
658.409.2/B81
100
_a
Bravo Villarón, Luis
245
0
_a
Éxito y Liderazgo:
264
_b
Indecopi
942
_c
LIB
999
_c
12506
_d
12506